Szczegóły MARC21

Narciarstwo dla zaawansowanych : karwing, stromizny, muldy, puch /

003 -Nazwa inst., której nr kontr. jest w polu 001 [,]
    • @
    • Nazwa instytucji, której n kontrolny jest w polu 001
    • NUKAT
005 -DATA I CZAS OSTATNIEJ MODYFIKACJI [,]
    • @
    • pole kontrolne
    • 20241231105912.0
020 -Międzynarod. znormalizowany nr książki - ISBN [ , ]
    • a
    • Numer ISBN
    • 9788393062881 Find
040 -Instytucja sporządzająca opis [ , ]
    • a
    • Instytucja, która sporządziła opis (NP)
    • KR 122/DP
    • c
    • Instytucja, która sporządziła rekord (NP)
    • KR 122/DP
    • d
    • Instytucja, która zmodyfikowała rekord (P)
    • KR 122/MN
    • d
    • Instytucja, która zmodyfikowała rekord (P)
    • KR 122/AKs
    • d
    • Instytucja, która zmodyfikowała rekord (P)
    • WR 99/AS
    • d
    • Instytucja, która zmodyfikowała rekord (P)
    • KR U/BUs
942 -Rodzaj dokumentu [ , ]
    • c
    • Rodzaj dokumentu
    • Książka
100 -Hasło główne - nazwa osobowa [1, ]
    • a
    • Nazwa osobowa (NP)
    • Peszek, Andrzej.
    • 9
    • KHW
    • 21112
245 -Strefa tytułu i oznaczenia odpowiedzialności [1,0]
    • a
    • Tytuł
    • Narciarstwo dla zaawansowanych : Find
    • b
    • Ciąg dalszy tytułu (NP)
    • karwing, stromizny, muldy, puch / Find
    • c
    • Pozostałe elementy strefy tytułu i oznaczenia odpowiedzialności (NP)
    • Andrzej Peszek.
260 -Strefa adresu wydawniczego [ , ]
    • a
    • Miejsce wydania (P)
    • [Warszawa] :
    • b
    • Nazwa wydawcy (P)
    • Landie.pl,
    • c
    • Data wydania (P)
    • cop. 2010.
300 -Strefa opisu fizycznego [ , ]
    • a
    • Określenie formy książki i/lub objętość (NP)
    • 205 s. :
    • b
    • Oznaczenie ilustracji (NP)
    • il. kolor. ;
    • c
    • Format (NP)
    • 24 cm.
336 -Typ zawartości [ , ]
    • a
    • Termin opisujący typ zawartości
    • Tekst
    • b
    • Kod określający zawartość
    • txt
    • 2
    • Źródło (terminu i kodu)
    • rdacontent
337 -Typ mediów [ , ]
    • a
    • Tryb odtwarzania
    • Bez urządzenia pośredniczącego
    • b
    • Kod typu mediów
    • n
    • 2
    • Źródło (terminu i kodu)
    • rdamedia
338 -Typ/rodzaj nośnika [ , ]
    • a
    • Hasło opisujące typ nośnika
    • Wolumin
    • b
    • Kod typu nośnika
    • nc
    • 2
    • Źródło (terminu i kodu)
    • rdacarrier
500 -Uwaga ogólna [ , ]
    • a
    • Uwaga ogólna (NP)
    • Na okł.: Majesty, landie.pl, alpy.info.pl.
500 -Uwaga ogólna [ , ]
    • a
    • Uwaga ogólna (NP)
    • Miejsce wyd. wg bazy online wydawnictwa.
080 -Uniwersalna Klasyfikacja Dziesiętna [ , ]
    • 9
    • UKD
    • 21114
    • a
    • Symbol klasyfikacji
    • 796.92.01
    • b
    • Dopowiedzenie
    • Narciarstwo. Skoki narciarskie. - Teoria i metodyka kultury fizycznej i sportu.
    • 4
    • UKD2
    • 8168
    • x
    • Poddział wspólny
    • (083.1)
    • c
    • Dopowiedzenie poddz. wspólnego
    • (Przepisy. Instrukcje. Poradniki praktyczne).
650 -Hasło przedmiotowe [ ,7]
    • a
    • Hasło przedmiotowe
    • Narciarstwo alpejskie
    • v
    • Określnik formalny
    • podręczniki dla amatorów.
    • 2
    • Źródło terminu
    • kaba
    • 9
    • KHW
    • 652055
650 -Hasło przedmiotowe [ ,7]
    • a
    • Hasło przedmiotowe
    • Narciarstwo
    • v
    • Określnik formalny
    • poradniki.
    • 2
    • Źródło terminu
    • kaba
    • 9
    • KHW
    • 352748
650 -Hasło przedmiotowe [ ,7]
    • a
    • Hasło przedmiotowe
    • Narciarstwo alpejskie
    • v
    • Określnik formalny
    • podręczniki.
    • 2
    • Źródło terminu
    • kaba
    • 9
    • KHW
    • 482314
980 -Symbol UKD [ , ]
    • a
    • UKD
    • 796.92.01(083.1)
920 -ISBN [ , ]
    • a
    • ISBN
    • 978-83-930628-8-1 Find
Lokalizacja Status udost. Sygnatura Data inwentaryzacji Obwoluta Numer inwentarzowy
BM1Sporty zimowe 112010-12-301WF.8780